[Event "TCh-CHN"]
[Site "Shenzhan CHN"]
[Date "2010.06.09"]
[Round "6"]
[White "Lu, Shanglei"]
[Black "Zhou, Jianchao"]
[Result "0-1"]
[BlackTitle "GM"]
[WhiteElo "2340"]
[BlackElo "2650"]
[WhiteTeam "ZHEJIANG"]
[BlackTeam "SHANGHAI Jianqiao"]
[WhiteFideId "8603332"]
[BlackFideId "8603537"]
[EventDate "2010.05.23"]

1. e4 c5 2. Nf3 e6 3. d4 cxd4 4. Nxd4 Nf6 5. Nc3 d6 6. g4 h6 7. h4 Nc6 8. Rg1 h5
9. gxh5 Nxh5 10. Bg5 Nf6 11. Qd2 Qb6 12. Nb3 a6 13. Be2 Bd7 14. h5 Nxh5 15. Rh1
g6 16. O-O-O Qxf2 17. e5 Qf5 18. exd6 Qxg5 19. Qxg5 Bh6 20. Qxh6 Rxh6 21. Na4
Ne5 22. Nb6 Rd8 23. Nc5 Bc6 24. Rhe1 a5 25. Ba6 bxa6 26. Rxe5 Nf6 27. Nxa6 Bf3
28. Nc7+ Kf8 29. Rf1 Rh1 30. Rxh1 Bxh1 31. Nc4 Ne4 32. Nb5 a4 33. Kd1 Ng3 34.
Re3 Bd5 35. Nb6 Bc6 36. Rxg3 Bxb5 37. d7 Bxd7 38. Ke1 Bb5 39. c4 Rb8 40. c5 Rb7
41. b4 axb3 42. Rxb3 Bc6 43. Rd3 Rc7 44. a4 Ke7 45. Kd2 g5 46. Rg3 Kf6 47. Kc3
Kf5 48. a5 Kf4 49. Rg1 g4 50. Kb4 g3 51. Nc4 Rb7+ 52. Kc3 g2 53. a6 Ra7 54. Ra1
Bb5 0-1

[Event "TCh-CHN"]
[Site "Shenzhan CHN"]
[Date "2010.06.09"]
[Round "6"]
[White "Ding, Yixin"]
[Black "Ju, Wenjun"]
[Result "0-1"]
[WhiteTitle "WFM"]
[BlackTitle "WGM"]
[WhiteElo "2315"]
[BlackElo "2500"]
[WhiteTeam "ZHEJIANG"]
[BlackTeam "SHANGHAI Jianqiao"]
[WhiteFideId "8602972"]
[BlackFideId "8603006"]
[EventDate "2010.05.23"]

1. e4 c5 2. Nf3 d6 3. Bc4 Nf6 4. d3 Nc6 5. h3 e6 6. O-O Be7 7. c3 O-O 8. Bb3 b5
9. Re1 Bb7 10. Nbd2 Rc8 11. Bc2 Nd7 12. Nf1 b4 13. d4 bxc3 14. bxc3 cxd4 15.
cxd4 Nb4 16. Bb3 d5 17. e5 Ba6 18. Re3 Nb6 19. a3 Nc6 20. N3h2 Na5 21. Bc2 g6
22. Rf3 Qc7 23. Ne3 Nbc4 24. Nhg4 Nxe3 25. Nxe3 Nc4 26. Bd3 Nxe3 27. Bxe3 Bxd3
28. Qxd3 Qc2 29. Bh6 Qxd3 30. Rxd3 Rfd8 31. Rb1 Rd7 32. Rdb3 f6 33. Rb7 Rcc7 34.
Rb8+ Kf7 35. exf6 Bxf6 36. Rf8+ Ke7 37. Rbb8 Bxd4 38. Rf4 e5 39. Bf8+ Ke6 40.
Re8+ Re7 41. Bxe7 Rc1+ 42. Kh2 exf4 43. Bg5+ Kf5 44. h4 Bxf2 45. Rf8+ Ke6 46.
Bxf4 Rc3 47. Re8+ Kf5 48. Bb8 Kg4 49. Re7 Rb3 50. Bd6 Rb6 51. Be5 Rb1 52. g3
Bxg3+ 53. Bxg3 Rb2+ 54. Bf2 Rxf2+ 55. Kg1 Rf3 56. Rxa7 h5 57. Ra6 Kf5 58. Rd6
Ke4 59. Re6+ Kd3 60. Rxg6 d4 61. Kg2 Ke2 62. Rg5 d3 63. Rd5 Re3 0-1

[Event "TCh-CHN"]
[Site "Shenzhan CHN"]
[Date "2010.06.09"]
[Round "6"]
[White "Zeng, Chongsheng"]
[Black "Ma, Qun"]
[Result "1/2-1/2"]
[WhiteElo "2350"]
[BlackElo "2369"]
[WhiteTeam "BEIJING Rendafuzhong"]
[BlackTeam "TIANJIN Nan Kai"]
[WhiteFideId "8603847"]
[BlackFideId "8603154"]
[EventDate "2010.05.23"]

1. Nf3 Nf6 2. c4 c6 3. Nc3 d5 4. e3 a6 5. d4 e6 6. c5 b6 7. cxb6 Nbd7 8. Bd3 c5
9. b3 Qxb6 10. O-O cxd4 11. exd4 Bd6 12. Bb2 O-O 13. Rc1 Bb7 14. Na4 Qa7 15. Ne5
Rfc8 16. Qe2 a5 17. Rfe1 Rxc1 18. Rxc1 Rc8 19. Rxc8+ Bxc8 20. Qc2 Qc7 21. Qxc7
Bxc7 22. Nxd7 Bxd7 23. Nc5 Bc6 24. Bc3 Ne4 25. Nxe4 dxe4 26. Bc4 Kf8 27. Kf1 Bd5
28. Ke2 f5 29. g3 g5 30. Kd2 Ke7 31. Be2 Kf6 32. Bd1 f4 33. g4 f3 34. h3 Ke7 35.
Bc2 Kd7 36. a4 Kc6 37. Ke1 h6 38. Bd2 Kd6 39. Bc3 Bb7 40. b4 axb4 41. Bxb4+ Kd5
42. Bb3+ Kxd4 43. Bxe6 Ba6 44. Bd7 Bc4 45. Bc6 Kd3 46. Bb5 Bxb5 47. axb5 Kc4 48.
Bf8 Kxb5 49. Bxh6 Bd8 50. Bg7 Kc4 51. Bf8 Kd4 52. Kf1 1/2-1/2

[Event "TCh-CHN"]
[Site "Shenzhan CHN"]
[Date "2010.06.09"]
[Round "6"]
[White "Xu, Ruoying"]
[Black "Ning, Chunhong"]
[Result "1-0"]
[BlackTitle "WGM"]
[WhiteElo "2028"]
[BlackElo "2347"]
[WhiteTeam "BEIJING Rendafuzhong"]
[BlackTeam "TIANJIN Nan Kai"]
[WhiteFideId "8603707"]
[BlackFideId "8600376"]
[EventDate "2010.05.23"]

1. d4 Nf6 2. Nf3 c5 3. d5 b5 4. e3 Bb7 5. c4 g6 6. Nc3 bxc4 7. Bxc4 Bg7 8. O-O
O-O 9. e4 d6 10. Re1 Nbd7 11. h3 Nb6 12. Bf1 Ne8 13. a4 a5 14. Bg5 h6 15. Bf4
Nc7 16. Qb3 Na6 17. Bxa6 Bxa6 18. Rad1 Kh7 19. e5 Rb8 20. Qc2 Nc8 21. Rd2 Rb4
22. Re4 Bc4 23. Qc1 Nb6 24. exd6 exd6 25. Nb5 Bxb5 26. Rxb4 axb4 27. axb5 Qd7
28. Qf1 Rb8 29. g4 Na4 30. b3 Nc3 31. Qc4 Rd8 32. b6 Qb7 33. Rc2 Qxb6 34. Bd2
Qb7 35. Bxc3 1-0

[Event "TCh-CHN"]
[Site "Shanghai CHN"]
[Date "2010.07.24"]
[Round "7"]
[White "Li, Haoyu"]
[Black "Ji, Dan"]
[Result "1-0"]
[WhiteElo "2369"]
[BlackElo "2379"]
[WhiteTeam "TIANJIN Nan Kai"]
[BlackTeam "Lanpo JIANGSU"]
[WhiteFideId "8601488"]
[BlackFideId "8601887"]
[EventDate "2010.05.23"]

1. e4 c5 2. c3 d5 3. exd5 Qxd5 4. d4 Nc6 5. Nf3 e6 6. Na3 Qd8 7. Bf4 Nf6 8. dxc5
Qxd1+ 9. Rxd1 Bxc5 10. Nb5 O-O 11. Bd6 Bxd6 12. Nxd6 Rd8 13. Bb5 Nd5 14. Bxc6
Rxd6 15. Bxd5 exd5 16. Nd4 Rg6 17. g3 Ra6 18. a3 Bd7 19. f3 Rc8 20. Kf2 Rb6 21.
Rd2 Kf8 22. Re1 Bb5 23. g4 Bc4 24. Re3 g6 25. h4 Re8 26. Rxe8+ Kxe8 27. g5 Kf8
28. Kg3 Kg7 29. Kf4 f6 30. a4 Kf7 31. a5 Rd6 32. b3 Ba6 33. Rd1 Rd7 34. Re1 Rc7
35. Re3 Rc8 36. Kg3 Rc7 37. Kf2 Rc8 38. Ke1 h6 39. f4 hxg5 40. hxg5 Rh8 41. Kf2
Rh2+ 42. Kg3 Rd2 43. b4 Bd3 44. Nb3 Rd1 45. Nc5 Be4 46. Nxb7 f5 47. Nd8+ Kg8 48.
Nc6 a6 49. Ne5 Kg7 50. Kf2 Rb1 51. Rh3 d4 52. cxd4 Rb2+ 53. Ke1 Rb1+ 54. Kd2
Rxb4 55. Kc3 Ra4 56. Rh6 Rxa5 57. Rxg6+ Kh7 58. Rd6 1-0

[Event "TCh-CHN"]
[Site "Shanghai CHN"]
[Date "2010.07.24"]
[Round "7"]
[White "Shen, Yang"]
[Black "Ning, Chunhong"]
[Result "1-0"]
[WhiteTitle "WGM"]
[BlackTitle "WGM"]
[WhiteElo "2444"]
[BlackElo "2347"]
[WhiteTeam "Lanpo JIANGSU"]
[BlackTeam "TIANJIN Nan Kai"]
[WhiteFideId "8603162"]
[BlackFideId "8600376"]
[EventDate "2010.05.23"]

1. d4 Nf6 2. c4 c5 3. d5 e5 4. Nc3 d6 5. e4 Be7 6. h3 Nbd7 7. Bd3 Nf8 8. a3 Ng6
9. Nge2 O-O 10. b4 b6 11. g3 Ne8 12. Qc2 Bg5 13. Bb2 Ne7 14. f4 exf4 15. gxf4
Bh4+ 16. Kd2 Ng6 17. Rag1 f5 18. exf5 Ne7 19. Ne4 Bxf5 20. Ng5 Bxg5 21. Rxg5
Bxd3 22. Qxd3 Qd7 23. Rhg1 Rf7 24. b5 a6 25. bxa6 Rxa6 26. Rh5 g6 27. Rhg5 Nf5
28. Ng3 Nxg3 29. Qxg3 Ra4 30. Qc3 Nf6 31. Re1 b5 32. Re6 Rxc4 33. Qe3 Rd4+ 34.
Bxd4 cxd4 35. Qxd4 Qd8 36. h4 Nh5 37. f5 Rxf5 38. Rxf5 gxf5 39. Qb4 Ng3 40. Qxb5
Ne4+ 41. Ke3 1-0

[Event "TCh-CHN"]
[Site "Shanghai CHN"]
[Date "2010.07.24"]
[Round "7"]
[White "Zeng, Chongsheng"]
[Black "Lou, Yiping"]
[Result "1/2-1/2"]
[WhiteElo "2350"]
[BlackElo "2429"]
[WhiteTeam "BEIJING Rendafuzhong"]
[BlackTeam "SHANGHAI Jianqiao"]
[WhiteFideId "8603847"]
[BlackFideId "8603928"]
[EventDate "2010.05.23"]

1. d4 Nf6 2. Nf3 g6 3. c4 Bg7 4. Nc3 d5 5. Qb3 dxc4 6. Qxc4 O-O 7. e4 a6 8. e5
Nfd7 9. Be3 b5 10. Qd5 Nb6 11. Qe4 Bf5 12. Qh4 f6 13. g4 Be6 14. Bg2 b4 15. Ne4
Bd5 16. Nfd2 Nc6 17. O-O fxe5 18. dxe5 Nxe5 19. Rad1 e6 20. Qg3 a5 21. b3 Ned7
22. Nc4 Nf6 23. Nxf6+ Bxf6 24. Bxb6 cxb6 25. Ne3 Bh4 26. Qe5 Bf6 27. Qg3 Bh4 28.
Qh3 Bxg2 29. Qxg2 Qe7 30. Qe4 Rad8 31. f4 Bf6 32. Kg2 b5 33. g5 Bc3 34. h4 Qf7
35. Kg3 Rxd1 36. Rxd1 e5 37. Ng4 exf4+ 38. Kf3 Bg7 39. Qd5 Rc8 40. Qxf7+ Kxf7
41. Rd7+ Kg8 42. Kxf4 Rc2 43. Rd8+ Kf7 44. Rd7+ Kg8 45. Rd8+ 1/2-1/2

[Event "TCh-CHN"]
[Site "Shanghai CHN"]
[Date "2010.07.24"]
[Round "7"]
[White "Li, Xueyi"]
[Black "Ju, Wenjun"]
[Result "0-1"]
[BlackTitle "WGM"]
[WhiteElo "1957"]
[BlackElo "2500"]
[WhiteTeam "BEIJING Rendafuzhong"]
[BlackTeam "SHANGHAI Jianqiao"]
[WhiteFideId "8605912"]
[BlackFideId "8603006"]
[EventDate "2010.05.23"]

1. d4 Nf6 2. c4 c5 3. d5 e6 4. Nc3 exd5 5. cxd5 d6 6. e4 g6 7. Bd3 Bg7 8. h3 O-O
9. Nf3 a6 10. a4 Nbd7 11. O-O Qe7 12. Bf4 h6 13. Qd2 g5 14. Bh2 Nh5 15. e5 Nxe5
16. Nxe5 Bxe5 17. Bxe5 Qxe5 18. Rae1 Qd4 19. Re4 Qf6 20. Re3 Nf4 21. Bb1 Bf5 22.
Bxf5 Qxf5 23. Rfe1 Rab8 24. h4 Kg7 25. Ne2 b5 26. Rg3 Rbe8 27. hxg5 hxg5 28.
Nxf4 Rxe1+ 29. Qxe1 Qxf4 30. axb5 axb5 31. Qc3+ f6 32. Rh3 Re8 33. Qa5 Kg6 34.
Qc3 b4 35. Qd3+ Qe4 36. Qb5 Qb1+ 37. Kh2 Re1 38. Rd3 Qxb2 39. f4 Qf2 40. Qb8
Qg1+ 41. Kg3 gxf4+ 42. Kxf4 Qf2+ 43. Rf3 Re4+ 0-1

[Event "TCh-CHN"]
[Site "Shanghai CHN"]
[Date "2010.07.24"]
[Round "7"]
[White "Zhang, Xiaowen"]
[Black "Fan, Yun"]
[Result "1/2-1/2"]
[WhiteTitle "WGM"]
[WhiteElo "2437"]
[BlackElo "1962"]
[WhiteTeam "SHANGHAI Jianqiao"]
[BlackTeam "BEIJING Rendafuzhong"]
[WhiteFideId "8603219"]
[BlackFideId "8603731"]
[EventDate "2010.05.23"]

1. e4 c5 2. Nf3 d6 3. d4 cxd4 4. Nxd4 Nf6 5. Nc3 Nc6 6. Be2 e6 7. Be3 Be7 8. O-O
O-O 9. f4 a6 10. a4 Qc7 11. Kh1 Bd7 12. Nb3 b6 13. Bf3 Rab8 14. Qe2 Nb4 15. g4
d5 16. e5 Ne4 17. Bd4 Nc5 18. Nc1 Nc6 19. Bf2 f6 20. exf6 Bxf6 21. Qd2 Rbd8 22.
Bg3 Bc8 23. N1e2 Ne4 24. Bxe4 dxe4 25. Qe3 Nd4 26. Rac1 Nxe2 27. Qxe2 e3 28.
Qxe3 Bb7+ 29. Rf3 Bxf3+ 30. Qxf3 Bxc3 31. bxc3 Qc4 32. Qe3 Qd5+ 33. Kg1 Qc5 34.
Qxc5 bxc5 35. Re1 Rd2 36. Rxe6 Rxc2 37. Rxa6 Rb8 38. Re6 Rb1+ 39. Re1 Rbb2 40.
f5 Kf7 41. Bd6 Ra2 42. Kh1 Rd2 43. Bf4 Re2 44. Rxe2 Rxe2 45. Bd6 c4 46. a5 Ra2
47. Bc7 Ra3 48. a6 Rxa6 49. Kg2 Kf6 50. Kf3 Ra3 51. Kf4 Ra2 52. Be5+ Kf7 53. Ke3
Rg2 54. h3 Rg1 55. Kd4 Rh1 56. Kxc4 Rxh3 57. Kd5 Rh4 58. c4 Rxg4 59. c5 Ke7 60.
Bd6+ Kd7 61. c6+ Kc8 62. Ke6 h5 63. Kf7 h4 64. Be5 h3 65. Bd6 Rg5 66. Ke6 Rg2
67. Kf7 Rf2 68. Kg6 Rg2+ 69. Kf7 h2 70. Bxh2 Rxh2 71. Kxg7 Rg2+ 72. Kf7 Kc7 73.
f6 Kxc6 74. Ke7 Re2+ 75. Kd8 Rf2 76. Ke7 Kc7 77. f7 Re2+ 78. Kf6 Rf2+ 79. Ke7
Re2+ 80. Kf6 1/2-1/2

[Event "TCh-CHN"]
[Site "Shanghai CHN"]
[Date "2010.07.24"]
[Round "7"]
[White "Yu, Shaoteng"]
[Black "Ding, Liren"]
[Result "1/2-1/2"]
[WhiteTitle "GM"]
[BlackTitle "GM"]
[WhiteElo "2529"]
[BlackElo "2565"]
[WhiteTeam "GUANGDONG Huateng"]
[BlackTeam "ZHEJIANG"]
[WhiteFideId "8600660"]
[BlackFideId "8603677"]
[EventDate "2010.05.23"]

1. e4 c5 2. Nf3 e6 3. d4 cxd4 4. Nxd4 a6 5. Be2 Nf6 6. Nc3 Bb4 7. Qd3 d6 8. Bd2
O-O 9. a3 Ba5 10. O-O Nc6 11. Nb3 Ne5 12. Qe3 Bc7 13. Rad1 d5 14. Qh3 Ng6 15.
Qf3 Ne5 16. Qh3 Ng6 17. Qf3 Ne5 1/2-1/2

[Event "TCh-CHN"]
[Site "Shanghai CHN"]
[Date "2010.07.24"]
[Round "7"]
[White "Xu, Yuhua"]
[Black "Kuang, Yinghui"]
[Result "1-0"]
[WhiteTitle "GM"]
[BlackTitle "WIM"]
[WhiteElo "2478"]
[BlackElo "2202"]
[WhiteTeam "ZHEJIANG"]
[BlackTeam "GUANGDONG Huateng"]
[WhiteFideId "8600635"]
[BlackFideId "8600988"]
[EventDate "2010.05.23"]

1. e4 e5 2. Nf3 Nc6 3. Bb5 a6 4. Ba4 Nf6 5. O-O b5 6. Bb3 Bc5 7. a4 Bb7 8. d3
O-O 9. Nc3 Na5 10. axb5 axb5 11. Nxb5 Nxb3 12. Rxa8 Bxa8 13. cxb3 d5 14. exd5
Bxd5 15. Nc3 Qa8 16. Nxd5 Qxd5 17. Qc2 Rb8 18. h3 e4 19. dxe4 Nxe4 20. Be3 Bxe3
21. fxe3 c5 22. Rd1 Qe6 23. b4 cxb4 24. Nd4 Qe8 25. Qc4 Nf6 26. Nf5 g6 27. Qf4
gxf5 28. Qg5+ Kf8 29. Qxf6 Qxe3+ 30. Kh1 Kg8 31. Qxf5 Qe6 32. Qf4 Rb6 33. Rd3 h6
34. Rg3+ Kh7 35. Rf3 Kg8 36. Qd4 Qe1+ 37. Kh2 Rg6 38. Re3 1-0

[Event "TCh-CHN"]
[Site "Shanghai CHN"]
[Date "2010.07.24"]
[Round "7"]
[White "Le, Thanh Tu"]
[Black "Ding, Yixin"]
[Result "0-1"]
[WhiteTitle "WGM"]
[BlackTitle "WFM"]
[WhiteElo "2318"]
[BlackElo "2315"]
[WhiteTeam "GUANGDONG Huateng"]
[BlackTeam "ZHEJIANG"]
[WhiteFideId "12401005"]
[BlackFideId "8602972"]
[EventDate "2010.05.23"]

1. Nf3 Nf6 2. c4 e6 3. g3 d5 4. Bg2 Be7 5. O-O O-O 6. d4 c6 7. Nc3 Nbd7 8. b3 b6
9. Qc2 Ba6 10. Nd2 Rc8 11. Rd1 c5 12. Nf3 dxc4 13. d5 exd5 14. Nxd5 Nxd5 15.
Rxd5 Bf6 16. Bg5 Bb7 17. Rd6 Bxf3 18. Bxf6 Qc7 19. Bg5 Qd8 20. Bf6 Qc7 21. Rxd7
Qxd7 22. Bxf3 gxf6 23. Rd1 cxb3 24. axb3 Qe6 25. Rd5 Kg7 26. Rh5 Rh8 27. Be4
Rce8 28. Bd3 h6 29. Rh4 h5 30. Rf4 Qc6 31. Qc3 Re5 32. Ra4 a5 33. h4 Rhe8 34.
Qc4 Rd8 35. Qc2 Qe6 36. Kh2 Rd4 37. f4 Re3 38. Rxd4 cxd4 39. Qd1 b5 0-1

[Event "TCh-CHN"]
[Site "Shanghai CHN"]
[Date "2010.07.24"]
[Round "7"]
[White "Bu, Xiangzhi"]
[Black "Gao, Rui"]
[Result "1-0"]
[WhiteTitle "GM"]
[BlackTitle "IM"]
[WhiteElo "2682"]
[BlackElo "2464"]
[WhiteTeam "SHANGDONG Linglong"]
[BlackTeam "China Mobile CHONGQING"]
[WhiteFideId "8601445"]
[BlackFideId "8602387"]
[EventDate "2010.05.23"]

1. Nf3 c5 2. c4 Nc6 3. d4 cxd4 4. Nxd4 Nf6 5. g3 Qb6 6. Nc2 e6 7. Bg2 d5 8. O-O
dxc4 9. Ne3 Ne5 10. Nd2 Qc7 11. Ndxc4 Nxc4 12. Qa4+ Bd7 13. Qxc4 Rc8 14. Qxc7
Rxc7 15. Bd2 Bd6 16. Rfc1 Rxc1+ 17. Rxc1 b5 18. Nc2 h6 19. Nd4 O-O 20. b3 a6 21.
Kf1 e5 22. Nf3 Re8 23. Ne1 e4 24. Rd1 Be5 25. Ba5 Bc6 26. Nc2 Bb7 27. Ne3 Rc8
28. Bh3 Re8 29. Nf5 Nd5 30. Bg2 Bb8 31. f3 exf3 32. Bxf3 Re5 33. e4 Ba7 34.
Nxh6+ gxh6 35. exd5 Bc5 36. Kg2 Bd6 37. Bc3 Re3 38. Bb2 a5 39. Bc1 Rc3 40. Bxh6
Kh7 41. Bd2 Rc8 42. Rc1 Ra8 43. Bf4 Bxf4 44. gxf4 Rd8 45. Rc5 Ba6 46. a4 bxa4
47. bxa4 Rd6 48. Rxa5 Kg6 49. Be4+ Kh5 50. Rc5 Bb7 51. Kg3 1-0

[Event "TCh-CHN"]
[Site "Shanghai CHN"]
[Date "2010.07.24"]
[Round "7"]
[White "Wang, Hao"]
[Black "Li, Chao b"]
[Result "1/2-1/2"]
[WhiteTitle "GM"]
[BlackTitle "GM"]
[WhiteElo "2715"]
[BlackElo "2613"]
[WhiteTeam "HEBEI"]
[BlackTeam "BEIJING Aigo"]
[WhiteFideId "8602883"]
[BlackFideId "8604436"]
[EventDate "2010.05.23"]

1. e4 e5 2. Nf3 Nf6 3. Nxe5 d6 4. Nf3 Nxe4 5. Nc3 Nxc3 6. dxc3 Be7 7. Be3 Nc6 8.
Qd2 Ne5 9. O-O-O Nxf3 10. gxf3 Be6 11. Rg1 g6 12. Bd4 Rg8 13. c4 Qd7 14. b3 c5
15. Bb2 O-O-O 16. Qh6 f5 17. Qe3 Rge8 18. f4 Bh4 19. Qf3 Qc7 20. Bg2 Bd7 21. Qh3
Bxf2 22. Rgf1 Bd4 23. Bxd4 cxd4 24. Qxh7 Qa5 25. Kb1 Re2 26. Bf3 Rxc2 27. Kxc2
Qxa2+ 28. Kc1 1/2-1/2

[Event "TCh-CHN"]
[Site "Shanghai CHN"]
[Date "2010.07.24"]
[Round "7"]
[White "Yu, Yangyi"]
[Black "Wan, Yunguo"]
[Result "1-0"]
[WhiteTitle "GM"]
[WhiteElo "2574"]
[BlackElo "2424"]
[WhiteTeam "BEIJING Aigo"]
[BlackTeam "HEBEI"]
[WhiteFideId "8603820"]
[BlackFideId "8603189"]
[EventDate "2010.05.23"]

1. e4 e6 2. d4 d5 3. Nc3 Bb4 4. e5 c5 5. dxc5 Ne7 6. Nf3 Nbc6 7. Bd3 Ng6 8. O-O
Ngxe5 9. Nxe5 Nxe5 10. Bf4 Qf6 11. Bb5+ Bd7 12. Nxd5 exd5 13. Bxe5 Qxe5 14.
Bxd7+ Kxd7 15. Qg4+ Kc7 16. Qxb4 Rae8 17. Rae1 Qf5 18. Qa4 Re6 19. Qxa7 Rhe8 20.
Qa5+ Kc8 21. Rxe6 Rxe6 22. Qc3 Re2 23. Qxg7 Rxc2 24. Qf8+ Kc7 25. Qd6+ Kc8 26.
b4 Qe6 27. Qf8+ Kc7 28. b5 d4 29. c6 bxc6 30. b6+ Kb7 31. Qd8 Qe5 32. Rb1 Rxa2
33. Qd7+ 1-0

[Event "TCh-CHN"]
[Site "Shanghai CHN"]
[Date "2010.07.24"]
[Round "7"]
[White "Wang, Doudou"]
[Black "Wang, Jue"]
[Result "1/2-1/2"]
[WhiteElo "2225"]
[BlackElo "2180"]
[WhiteTeam "HEBEI"]
[BlackTeam "BEIJING Aigo"]
[WhiteFideId "8603197"]
[BlackFideId "8604070"]
[EventDate "2010.05.23"]

1. d4 Nf6 2. Nf3 g6 3. Nbd2 Bg7 4. e4 d6 5. Be2 O-O 6. O-O Nbd7 7. c3 e5 8. dxe5
Nxe5 9. Nxe5 dxe5 10. Qc2 c6 11. a4 Be6 12. Bc4 Qd7 13. b3 Rfd8 14. Bxe6 Qxe6
15. Nc4 Nd7 16. Be3 Bf8 17. Rfd1 Nc5 18. a5 Qf6 19. b4 Qe6 20. Rxd8 Rxd8 21. Nb2
Qb3 22. Qxb3 Nxb3 23. Rb1 c5 24. h3 cxb4 25. Nc4 Nc5 26. cxb4 Nxe4 27. Bxa7 Nc3
28. Rb3 Rd1+ 29. Kh2 Nb5 30. Be3 Bg7 31. Na3 Nxa3 32. Rxa3 Bf8 33. Rb3 Bd6 34.
g3 f5 35. Kg2 Ra1 36. Bb6 Kf7 37. b5 Ke6 38. h4 e4 39. Rb2 Kd5 40. Bd8 1/2-1/2

[Event "TCh-CHN"]
[Site "Shanghai CHN"]
[Date "2010.07.24"]
[Round "7"]
[White "Zhao, Xue"]
[Black "Zhai, Mo"]
[Result "1-0"]
[WhiteTitle "GM"]
[BlackTitle "WFM"]
[WhiteElo "2490"]
[BlackElo "2110"]
[WhiteTeam "BEIJING Aigo"]
[BlackTeam "HEBEI"]
[WhiteFideId "8601283"]
[BlackFideId "8600201"]
[EventDate "2010.05.23"]

1. Nf3 c5 2. c4 Nc6 3. g3 g6 4. Bg2 Bg7 5. Nc3 Nh6 6. O-O O-O 7. a3 d6 8. Rb1
Nd4 9. Ne1 Rb8 10. b4 Bf5 11. d3 cxb4 12. axb4 Qd7 13. Be3 Bh3 14. Bxd4 Bxd4 15.
Nb5 Bb6 16. Nf3 Bxg2 17. Kxg2 Ng4 18. Qa4 Rfc8 19. Nc3 Qe6 20. Nd5 h6 21. e4 Nf6
22. Rbc1 Nxd5 23. exd5 Qf6 24. Rfe1 g5 25. Re4 Qf5 26. h3 Rc7 27. Rce1 Qf6 28.
h4 Qf5 29. Qa2 Re8 30. d4 a6 31. c5 dxc5 32. dxc5 Ba7 33. d6 Rd7 34. Re5 Qf6 35.
hxg5 hxg5 36. Rxg5+ Kf8 37. Ne5 Rdd8 38. d7 1-0

[Event "TCh-CHN"]
[Site "Shanghai CHN"]
[Date "2010.07.25"]
[Round "8"]
[White "Zhang, Pengxiang"]
[Black "Xu, Jun"]
[Result "1/2-1/2"]
[WhiteTitle "GM"]
[BlackTitle "GM"]
[WhiteElo "2605"]
[BlackElo "2513"]
[WhiteTeam "HEBEI"]
[BlackTeam "Lanpo JIANGSU"]
[WhiteFideId "8600970"]
[BlackFideId "8600031"]
[EventDate "2010.05.23"]

1. e4 c5 2. Nf3 d6 3. d4 cxd4 4. Nxd4 Nf6 5. Nc3 a6 6. f4 e6 7. Qf3 Qb6 8. Nb3
Qc7 9. g4 b5 10. g5 Nfd7 11. Be3 b4 12. Ne2 Bb7 13. O-O-O Nc6 14. Ned4 Be7 15.
h4 Nxd4 16. Bxd4 O-O 17. Kb1 e5 18. Be3 f5 19. gxf6 Nxf6 20. Nd2 d5 21. Rg1 Rf7
22. fxe5 Qxe5 23. Bf4 Qh5 24. Bh3 dxe4 25. Qf1 e3 26. Bxe3 Nd5 27. Qd3 Nxe3 28.
Qf1 Nd5 29. Qd3 Ne3 30. Qxe3 Bc5 31. Qg5 Qxg5 32. Rxg5 Be7 33. Re5 Kf8 34. Nc4
Bf3 35. Rd7 Bf6 36. Rxf7+ Kxf7 37. Nd6+ Kf8 38. Rf5 Rd8 39. Rxf3 Rxd6 40. c3
bxc3 41. bxc3 Rd2 42. h5 Ke7 43. Bf5 1/2-1/2

[Event "TCh-CHN"]
[Site "Shanghai CHN"]
[Date "2010.07.25"]
[Round "8"]
[White "Guo, Qi"]
[Black "Zhai, Mo"]
[Result "0-1"]
[BlackTitle "WFM"]
[WhiteElo "2143"]
[BlackElo "2110"]
[WhiteTeam "Lanpo JIANGSU"]
[BlackTeam "HEBEI"]
[WhiteFideId "8604002"]
[BlackFideId "8600201"]
[EventDate "2010.05.23"]

1. d4 Nf6 2. c4 e6 3. Nc3 Bb4 4. e3 d5 5. Nf3 O-O 6. Bd3 c5 7. O-O Nc6 8. a3
Bxc3 9. bxc3 Qc7 10. Bb2 Na5 11. cxd5 c4 12. Bc2 exd5 13. Ne5 Ne4 14. f3 Nd6 15.
f4 Bf5 16. Bxf5 Nxf5 17. Qf3 Nb3 18. Rad1 Rad8 19. e4 dxe4 20. Qxe4 Nd6 21. Qd5
Nf5 22. Qe4 Nd6 23. Qd5 Qa5 24. Qxa5 Nxa5 25. a4 f6 26. Ng4 Rfe8 27. Rfe1 Ne4
28. Re3 h5 29. Rde1 hxg4 30. Rxe4 Rxe4 31. Rxe4 Kf7 32. Ba3 Nc6 33. Re1 Rd5 34.
Rb1 b6 35. Rb5 Ke6 36. Kf2 Rxb5 37. axb5 Nb8 38. h3 gxh3 39. gxh3 Nd7 40. Kf3 f5
41. Kg3 Nf6 42. Kh4 Nd5 43. Kg5 Nxc3 44. Kg6 Nxb5 45. Bc1 Nxd4 46. Kxg7 Nf3 47.
Bb2 b5 48. Bc3 Kd5 49. Kf6 Ke4 50. Ke6 Kxf4 51. Kd5 Ke3 52. Bf6 Kd3 53. h4 Nxh4
54. Bxh4 Ke3 55. Bf6 Kd3 56. Bh4 b4 0-1

[Event "TCh-CHN"]
[Site "Shanghai CHN"]
[Date "2010.07.25"]
[Round "8"]
[White "Li, Chao b"]
[Black "Bu, Xiangzhi"]
[Result "1/2-1/2"]
[WhiteTitle "GM"]
[BlackTitle "GM"]
[WhiteElo "2613"]
[BlackElo "2682"]
[WhiteTeam "BEIJING Aigo"]
[BlackTeam "SHANGDONG Linglong"]
[WhiteFideId "8604436"]
[BlackFideId "8601445"]
[EventDate "2010.05.23"]

1. e4 e5 2. Nf3 d6 3. d4 exd4 4. Nxd4 Nf6 5. Nc3 Be7 6. Bf4 O-O 7. Qd2 Nc6 8.
O-O-O Nxd4 9. Qxd4 Be6 10. Qd2 Bc8 11. Qd4 Be6 12. f3 Nd7 13. g4 Bg5 14. Qd2
Bxf4 15. Qxf4 Qh4 16. Qg3 Qxg3 17. hxg3 h6 18. Nb5 Rfc8 19. Nd4 Re8 20. Be2 Nf6
21. a4 Bd7 22. a5 a6 23. Bc4 Rac8 24. Nf5 Bxf5 25. gxf5 Re5 26. b4 c5 27. Rxd6
cxb4 28. Bb3 Rxa5 29. Kb2 Kf8 30. Re1 Re5 31. f4 Re7 32. e5 Nd7 33. Rh1 Nc5 34.
f6 Rec7 35. fxg7+ Kxg7 36. Rdxh6 Nxb3 37. f5 Rxc2+ 38. Kxb3 R2c3+ 39. Kxb4 R8c4+
40. Ka5 Rc5+ 41. Kb6 Rc6+ 42. Rxc6 bxc6 43. Re1 Rxg3 44. Kxc6 a5 45. Ra1 Rf3 46.
f6+ Kg6 47. Kd6 Rb3 48. Rxa5 Rb6+ 49. Kd5 Rb1 50. Ra3 Rb5+ 51. Ke4 Rb4+ 52. Kd5
Rb5+ 53. Kd6 Rb6+ 54. Kc5 Rb8 55. Rf3 Ra8 56. Rg3+ Kf5 57. Kd6 Re8 58. Re3 Re6+
59. Kd5 Ra6 60. Rf3+ Kg6 61. Rg3+ Kf5 62. Rg1 Rb6 63. Ra1 Kg6 64. Ke4 Rb4+ 65.
Kd5 Rb5+ 66. Kd6 Rb6+ 67. Kc5 Re6 68. Kd5 Rb6 69. Ra7 Rb1 70. Ra5 Rb6 71. Ra1
Rb5+ 72. Kd6 Rb6+ 73. Kc5 Re6 74. Kd5 Rb6 75. Ra7 Rb5+ 76. Kd6 Rb6+ 77. Kc5 Rb8
78. Ra1 Kf5 79. Kd6 Re8 80. Rf1+ Kg6 81. Kd5 Ra8 82. Rc1 Kf5 83. Rc7 Rd8+ 1/2-1/2